Massacre at Amritsar (Record no. 2800)

MARC details
000 -LEADER
fixed length control field 00658nam a2200253 a 4500
020 ## - INTERNATIONAL STANDARD BOOK NUMBER
ISBN
082 00 - DEWEY DECIMAL CLASSIFICATION NUMBER
Classification number 954.0357
Author Cutter FUR
100 ## - MAIN ENTRY--AUTHOR NAME
Author name Furneaux, Rupert
245 ## - TITLE STATEMENT
Title Massacre at Amritsar
260 ## - PUBLICATION, DISTRIBUTION, ETC. (IMPRINT)
Place of publication London
Name of publisher George Allen and Unwin Ltd
Year of publication 1963
300 ## - PHYSICAL DESCRIPTION
Number of Pages 183p
500 ## - GENERAL NOTE
General note includes index and biblioraphy
505 2# - FORMATTED CONTENTS NOTE
Formatted contents note Illus, Bibliography, Index
650 ## - SUBJECT ADDED ENTRY--TOPICAL TERM
Topical Term Jallianwala Bagh-Massacre
650 ## - SUBJECT ADDED ENTRY--TOPICAL TERM
Topical Term India-History Jallianwala Bagh
942 ## - ADDED ENTRY ELEMENTS (KOHA)
Koha item type Books
700 1# -
-- Furneaux, Rupert
Holdings
Collection code Home library Current library Date acquired Cost, normal purchase price Full call number Accession Number Koha item type
  Henry Martyn Institute Library Henry Martyn Institute Library 07/31/2007 17.50 954.0357 FUR 02637 Books
                   Copyright © 2026 | Henry Martyn Institute | Hyderabad | TS-500052 | INDIA | Implemented by hmi.edu.in
Hit-Count:

Powered by Koha